MARC

LEADER 00000nam0a2200000 4500
001 106181
005 20231031114809.0
010 |a 5898340851 
029 0 0 |a RU  |b 2.1.6.1338-03  |b 2.1.6.1339-03  |c ГН 
035 |a (RuTPU)RU\TPU\book\114580 
090 |a 106181 
100 |a 20061201d2003 k y0rusy50 ca 
101 0 |a rus 
102 |a RU 
105 |a y l 000zy 
200 1 |a Предельно допустимые концентрации (ПДК) загрязняющих веществ в атмосферном воздухе населенных мест  |e гигиенические нормативы ГН 2.1.6.1338-03 
210 |a Москва  |c СТК Аякс  |d 2003 
215 |a 84 с. 
225 1 |a 2.1.6. Атмосферный воздух и воздух закрытых помещений, санитарная охрана воздуха 
225 1 |a Государственное санитарно-эпидемиологическое нормирование Российской Федерации 
225 1 |a Государственные санитарно-эпидемиологические правила и нормативы 
229 |a Взамен ГН 2.1.6.695-98; ГН 2.1.6.716-98; ГН 2.1.6.789-99; ГН 2.1.6.981-00; ГН 2.1.6.1033-01; ГН 2.1.6.1124-02  |a Утв. Гл. гос. санитар. врачом РФ 21.05.03  |a Введ. в действие 25.06.03 Постановлением Гл. гос. санитар. врача РФ № 114 от 30.05.03 
610 1 |a санитария 
610 1 |a населенные места 
610 1 |a атмосферный воздух 
610 1 |a загрязняющие вещества 
610 1 |a ПДК 
610 1 |a предельно-допустимые концентрации 
610 1 |a гигиенические нормативы 
610 1 |a ГН 2.1.6.1338-03 
675 |a 614.71(083)  |v 3 
801 1 |a RU  |b 63413507  |c 20061201  |g PSBO 
801 2 |a RU  |b 63413507  |c 20221206  |g PSBO 
942 |c BK 
959 |a 100/20061130  |d 1  |e 480,00  |f ЧЗКДП:1